000 00482cam a2200193ua 4500
001 7734
008 141222n ii |||gr||||Z||||||eng
040 _cMAIN
041 _aeng
082 _a920
100 _aChakravorty, J.,
_eAuthor.
245 1 _aSukanta Bhattacharya
_cBy Jagannath Chakravorty
250 _a1st.
260 _aNew Delhi:
_bSahitya akademi,
_c1991.
300 _a60p.
653 _aBiography, genealogy & insignia
653 _aBengali biography
942 _cBK
999 _c6855
_d6855